01444nam a22003137a 4500999001500000001000500015003000900020005001700029008004100046020001500087040002800102082002400130245013000154250002500284260003800309300002800347500010200375500005500477515004900532530002700581580007700608580016600685590003200851650005200883650003700935700002500972942001200997952012101009 c1411d14111396BD-DhUAP20210120152714.0200206s1995 mnuar 0 a0eng c a0314065598 aFXGbEngcFXGdBD-DhUAP0 223 a343.73052 SOL 00aSolutions manual to accompany West's Federal taxation : bindividual income taxes /cEdited by William H. Hoffman... [et al.] a1996 annual edition. aSt. Paul : bWest Pub., cc1995.  avarious pages ;c26 cm. aIncludes instructor's guide and solutions manual; and Master tax: user's guide and documentation. aEditors: <1978-80> L.C. Phillips and W.H. Hoffman. aIssue for 2002 called also 25th anniversary. aAlso issued on CD-ROM. aAccompanied by: Introduction to computerized tax planning with AATAXCOM. aCan be used with: West-tax preparer ... to accompany West's federal taxation, and: Introduction to computerized tax planning with the BNA income tax spreadsheet. aSERBIB/SERLOC merged record 0aIncome taxxLaw and legislationzUnited States. 7aIncome taxxLaw and legislation. aHoffma, William H.  2ddccBK 00102ddc4070aUAPCLbUAPCLcGeneral Stacksd2020-02-06o343.73052 SOL p3010001396r2020-02-06t1w2020-02-06yBK